Antígona /
Guardado en:
| Autor Principal: | |
|---|---|
| Otros Autores: | |
| Formato: | Libro |
| Publicado: |
Buenos Aires :
Eudeba,
1985
|
| Edición: | 3a. ed. |
| Series: | Los fundamentales
|
| Materias: | |
| Etiquetas: |
Agregar Etiqueta
Sin Etiquetas, Sea el primero en etiquetar este registro!
|
| LEADER | 01104nam a22003015a 4500 | ||
|---|---|---|---|
| 001 | CEM.cems006162 | ||
| 005 | 20080520132719.0 | ||
| 008 | 130507s1985##################000#0#####d | ||
| 003 | CEMS | ||
| 020 | |a 9502300297 | ||
| 082 | 0 | 4 | |a 882 |
| 100 | 1 | |a Sófocles | |
| 245 | 1 | 0 | |a Antígona / |c Sofocles ; introducción, Versión Directa Del Texto Griego, Notas y Comentarios de E. Ignacio Granero |
| 250 | |a 3a. ed. | ||
| 260 | |a Buenos Aires : |b Eudeba, |c 1985 | ||
| 300 | |a 166 p. | ||
| 490 | 0 | |a Los fundamentales | |
| 653 | |a Literatura | ||
| 653 | |a Literatura griega | ||
| 653 | |a Teatro | ||
| 653 | |a Teatro griego | ||
| 700 | 1 | |a Granero, E. Ignacio, pról. | |
| 859 | |a CEMS |b BIB. CEMS - 11 de abril |h 882 |i So23-2a3 |p 14639.87 |t Ej.1 | ||
| 859 | |a CEMS |b BIB. CEMS - 11 de abril |h 882 |i So23-2a3 |p 14640.87 |t Ej.2 | ||
| 859 | |a CEMS |b BIB. CEMS - 11 de abril |h 882 |i So23-2a3 |p 14641.87 |t Ej.3 | ||
| 859 | |a CEMS |b BIB. CEMS - 11 de abril |h 882 |i So23-2a3 |p 14642.87 |t Ej.4 | ||
| 859 | |a CEMS |b BIB. CEMS - 11 de abril |h 882 |i So23-2a3 |p 14643.87 |t Ej.5 | ||
| 859 | |a CEMS |b BIB. CEMS - 11 de abril |h 882 |i So23-2a3 |p 15683.90 |t Ej.6 | ||
